000 00322 a2200157 4500
001 61064
020 _a8516012867
040 _cAnchieta - Pituba
100 _aHollaender, Arnon
240 1 0 _aKeyword
_lIng
245 1 0 _aKeyword
300 _a448
362 0 _a1995
650 4 _aInglês e inglês antigo
942 _cBK
999 _c61064
_d61064